Christophori Cellarii Orthographia latina ex vetustis monumentis (Record no. 156584)

MARC details
000 -LEADER
campo de control de longitud fija 00965nam a22002295i 4500
001 - NÚMERO DE CONTROL
campo de control 156584
003 - IDENTIFICADOR DE NÚMERO DE CONTROL
campo de control ES-MaACL
005 - FECHA Y HORA DE LA ÚLTIMA TRANSACCIÓN
campo de control 20230906210440.0
008 - DATOS DE LONGITUD FIJA--INFORMACIÓN GENERAL
campo de control de longitud fija 040803s1729 gw |||| | lat d
040 ## - FUENTE DE CATALOGACIÓN
Centro catalogador/agencia de origen CAM
Lengua de catalogación spa
Centro/agencia transcriptor CAM
100 1# - ENTRADA PRINCIPAL--NOMBRE DE PERSONA
Nombre de persona Keller Cellario, Christoph.
9 (RLIN) 128441
245 10 - MENCIÓN DEL TÍTULO
Título Christophori Cellarii Orthographia latina ex vetustis monumentis
Resto del título : hoc est nummis, marmoribus, tabulis, membranis veterumque grammaticorum placitis nec non recentium ingeniorum curis excerpta, digesta novisque observationibus illustrata.
250 ## - MENCION DE EDICION
Mención de edición Editio quinta.
260 ## - PUBLICACIÓN, DISTRIBUCIÓN, ETC.
Lugar de publicación, distribución, etc. Ienae :
Nombre del editor, distribuidor, etc. sumtu Io. Felicis Bielkii,
Fecha de publicación, distribución, etc. 1729.
300 ## - DESCRIPCIÓN FÍSICA
Extensión [4], 132, [4] en bl. p. ;
Dimensiones 8º.
596 ## - NOTA AL PIE DE IMPRENTA
NOTA AL PIE DE IMPRENTA Marca tip. en port.
597 ## - NOTA DE DESCRIPCIÓN FÍSICA
NOTA DE DESCRIPCIÓN FÍSICA Sign.: []\p2\s, A-G\p8\s, H\p4\s, I\p8\s.
700 11 - ENTRADA AGREGADA--NOMBRE PERSONAL
Nombre de persona Bielk, Johann Felix,
Término indicativo de función/relación
9 (RLIN) 125988
740 01 - ENTRADA AGREGADA--TÍTULO RELACIONADO/ANALÍTICO NO CONTROLADO
Título relacionado o analítico no controlado Orthographia latina ex vetustis monumentis.
752 ## - ENTRADA AGREGADA--NOMBRE JERÁRQUICO DEL LUGAR
País o entidad superior Alemania -
Ciudad Jena
852 ## - LOCALIZACIÓN
Ubicación ES-MaACL
Número de control de estantería R-465
Nota libre -- Enc. perg.
Encuadernación Olim: B-6113
Holdings
Estatus retirado Estado de pérdida Estado de daño No para préstamo Colección Biblioteca de origen Biblioteca actual Ubicación en estantería Fecha de adquisición Fuente de adquisición Total de préstamos Signatura topográfica completa Código de barras Visto por última vez Precio de reemplazo Tipo de ítem Koha
        Libros del s. XVIII Biblioteca del Ateneo de Madrid Biblioteca del Ateneo de Madrid Depósito 17/01/2008     R-465 1163825 23/02/2023 23/02/2023 Libro impreso antiguo